000
00330 a2200145 4500
001
193142
020
_a
978-989-99444-2-8
040
_c
Magnum
240
1
0
_a
Na livraria mais bonita do mundo
_l
por
245
1
0
_a
Na livraria mais bonita do mundo
300
_a
14
362
0
_a
2018
697
_a
LITERATURA INFANTO
942
_c
BK
999
_c
193142
_d
193142